Catálogo público

Caracterización morfologica y busqueda de genes de resistencia en jitomate (Solanum lycopersicum L.) nativo de México (Record no. 105730)

MARC details
000 -CABECERA
campo de control de longitud fija 01264nam a2200337 a 4500
001 - NÚMERO DE CONTROL
campo de control 000109268
003 - IDENTIFICADOR DEL NÚMERO DE CONTROL
campo de control CHAP
005 - FECHA Y HORA DE LA ÚLTIMA TRANSACCIÓN
campo de control 20220329144044.0
008 - DATOS DE LONGITUD FIJA--INFORMACIÓN GENERAL
campo de control de longitud fija 140415s2013 mx sm |||||||spa d
010 ## - NÚMERO DE CONTROL DE LA BIBLIOTECA DEL CONGRESO
Número de control de LC 105730
011 ## - ENLACE DEL NUMERO DE CONTROL DE LA BIBLIOTECA DEL CONGRESO [OBSOLETO]
Número de control de LC 106702
040 ## - FUENTE DE LA CATALOGACIÓN
Centro/agencia transcriptor CHAP
090 ## - LOCALMENTE ASIGNADO TIPO-LC NÚMERO DE CLASIFICACIÓN (OCLC); NÚMERO DE CLASIFICACIÓN LOCAL (RLIN)
Número de clasificación (OCLC) (R) ; Numero de clasificación, CALL (RLIN) (NR) Tesis
100 1# - ENTRADA PRINCIPAL--NOMBRE DE PERSONA
Nombre de persona Godínez Aguilar, Julio César
9 (RLIN) 126622
245 10 - MENCIÓN DE TÍTULO
Título Caracterización morfologica y busqueda de genes de resistencia en jitomate (Solanum lycopersicum L.) nativo de México
Medio [En línea]
Mención de responsabilidad, etc. por Julio César Godínez Aguilar.
260 ## - PUBLICACIÓN, DISTRIBUCIÓN, ETC.
Lugar de publicación, distribución, etc. Chapingo, Méx. :
Nombre del editor, distribuidor, etc. El autor,
Fecha de publicación, distribución, etc. 2013.
500 ## - NOTA GENERAL
Nota general Para ver el contenido del material haga clic en la liga
502 ## - NOTA DE TESIS
Nota de tesis Tesis (M. C. en Biotecnología Agrícola) -- UACH. Departamento de Fitotecnia
590 ## - NOTA LOCAL (RLIN)
Nota local BATCH-UPD
Procedencia (VM) [OBSOLETO] 10
Condición del los carretes individuales (VM) [OBSOLETO] 20141002
-- UCH01
-- 0900
590 ## - NOTA LOCAL (RLIN)
Nota local E11695DGD
Procedencia (VM) [OBSOLETO] 10
Condición del los carretes individuales (VM) [OBSOLETO] 20140425
-- UCH01
-- 0938
590 ## - NOTA LOCAL (RLIN)
Nota local E6096MTM
Procedencia (VM) [OBSOLETO] 05
Condición del los carretes individuales (VM) [OBSOLETO] 20140415
-- UCH01
-- 0930
590 ## - NOTA LOCAL (RLIN)
Nota local E6096MTM
Procedencia (VM) [OBSOLETO] 05
Condición del los carretes individuales (VM) [OBSOLETO] 20140415
-- UCH01
-- 0932
650 14 - PUNTO DE ACCESO ADICIONAL DE MATERIA--TÉRMINO DE MATERIA
Término de materia o nombre geográfico como elemento de entrada Tomate
Subdivisión general Fisiología y morfología.
9 (RLIN) 113722
650 14 - PUNTO DE ACCESO ADICIONAL DE MATERIA--TÉRMINO DE MATERIA
Término de materia o nombre geográfico como elemento de entrada Tomate
Subdivisión general Genética.
9 (RLIN) 113726
650 14 - PUNTO DE ACCESO ADICIONAL DE MATERIA--TÉRMINO DE MATERIA
Término de materia o nombre geográfico como elemento de entrada Tomate
Subdivisión general Mejoramiento.
9 (RLIN) 113737
650 14 - PUNTO DE ACCESO ADICIONAL DE MATERIA--TÉRMINO DE MATERIA
Término de materia o nombre geográfico como elemento de entrada Tomate
Subdivisión general México.
9 (RLIN) 113742
856 ## - LOCALIZACIÓN Y ACCESO ELECTRÓNICOS
Nombre del host Finding aid
Identificador Uniforme del Recurso <a href="http://10.13.5.2/tesis/sist109268.pdf">http://10.13.5.2/tesis/sist109268.pdf</a>
Nota pública Teclea aquí
901 ## - ELEMENTOS DE DATOS A LOCAL LDA (RLIN)
a BK
942 ## - ELEMENTOS DE PUNTO DE ACCESO ADICIONAL (KOHA)
Tipo de ítem Koha Tesis
942 ## - ELEMENTOS DE PUNTO DE ACCESO ADICIONAL (KOHA)
Suprimir en OPAC 0
Holdings
Estado de retiro Estado de pérdida Fuente del sistema de clasificación o colocación Estado dañado No para préstamo Código de colección Localización permanente Ubicación/localización actual Fecha de adquisición Información codificada de la localización en otra ubicación Total de préstamos Signatura topográfica completa Código de barras Fecha visto por última vez Número de copia Precio válido a partir de Tipo de ítem Koha
    Clasificación Universidad Autónoma de Chapingo   Excluido de préstamo Tesis Biblioteca Central Biblioteca Central 15/04/2014 TESIS   Tesis 33724002365629 31/12/2019 c.2 15/04/2014 CD
    Clasificación Universidad Autónoma de Chapingo   Excluido de préstamo Tesis Biblioteca Central Biblioteca Central 15/04/2014 TESIS   Tesis 33724002365660 31/12/2019   15/04/2014 CD